000 00518nam a2200169 4500
001 118637
003 ES-MaACL
005 20230906191136.0
007 t|
008 070214s1956 sp r ||||1| spa d
100 0 _aDaniel-Rops.
_942631
245 1 3 _aLa iglesia de los tiempos bárbaros /
_cDaniel-Rops [seud] ; versión española de Luis Horno Liria.
260 _aBarcelona :
_bLuis Caralt,
_c1956.
300 _a678 p. ;
_c22 cm.
700 1 _aHorno Liria, Luis.
_964232
852 _aES-MaACL
_jC-10990
_bR.39222
999 _c118637
_d118637